书目信息 |
| 题名: |
死罪难逃
|
|
| 作者: | 何晖 , 张茂龙 著 | |
| 分册: | ||
| 出版信息: | 南京 江苏文艺出版社 2003.01 |
|
| 页数: | 308页 | |
| 开本: | 21cm | |
| 丛书名: | ||
| 单 册: | ||
| 中图分类: | I25 | |
| 科图分类: | ||
| 主题词: | 报告文学--中国--当代 | |
| 电子资源: | ||
| ISBN: | 7-5399-1865-9 | |
| 000 | 00964nam0 2200253 450 | |
| 001 | 192004002112 | |
| 005 | 20070906124609.00 | |
| 010 | @a7-5399-1865-9@dCNY18.60 | |
| 100 | @a20070601d2003 ekmy0chiy0121 ea | |
| 101 | 0 | @achi |
| 102 | @aCN@b320000 | |
| 105 | @aac z 000zy | |
| 200 | 1 | @a死罪难逃@Asi zui nan tao@f何晖, 张茂龙著 |
| 210 | @a南京@c江苏文艺出版社@d2003.01 | |
| 215 | @a308页@c图, 肖像@d21cm | |
| 314 | @a何晖,女,1967年6月出生于青海。现为河南报业集团《大河报》教育新闻记者。 | |
| 314 | @a张茂龙,中国作家协会会员。江苏省作协报告文学创作委员会主任。 | |
| 330 | @a作案累累的“教父”式人物与全国著名公安局长的长期较量,以超前、开拓、铁腕闻名的公安局长迟迟未能破案而寝食难安。匪首张书海终于露出原形,这个自诩为“智商极高”的案犯和他的亲朋好友觉得自己不可能失手 …… | |
| 606 | 0 | @a报告文学@y中国@z当代 |
| 690 | @aI25@v4 | |
| 701 | 0 | @a何晖@Ahe hui@4著 |
| 701 | 0 | @a张茂龙@Azhang mao long@4著 |
| 801 | 0 | @aCN@c20070906 |
| 905 | @dI25@eH170 | |
| 死罪难逃/何晖, 张茂龙著.-南京:江苏文艺出版社,2003.01 |
| 308页:图, 肖像;21cm |
| ISBN 7-5399-1865-9:CNY18.60 |
| 作案累累的“教父”式人物与全国著名公安局长的长期较量,以超前、开拓、铁腕闻名的公安局长迟迟未能破案而寝食难安。匪首张书海终于露出原形,这个自诩为“智商极高”的案犯和他的亲朋好友觉得自己不可能失手 …… |
| ● |
| 相关链接 |
|
|
|
正题名:死罪难逃
索取号:I25/H170
 
预约/预借
| 序号 | 登录号 | 条形码 | 馆藏地/架位号 | 状态 | 备注 |
| 1 | 625031 | 206250313 | 文学库108/ [索取号:I25/H170] | 在馆 | |
| 2 | 625032 | 206250322 | 文学库108/108文学库 65排5列2层/ [索取号:I25/H170] | 在馆 |